[Event "Wuerttemberg-ch KT"]
[Site "Stuttgart"]
[Date "2010.09.03"]
[Round "7"]
[White "Hedler, Thomas"]
[Black "Peter, Silvio"]
[Result "0-1"]
[WhiteElo "1971"]
[BlackElo "1819"]
[PlyCount "84"]
[EventDate "2010.08.28"]
[EventType "swiss"]
[EventRounds "9"]
[EventCountry "GER"]
[SourceTitle "EXT 2017"]
[Source "ChessBase"]
[SourceDate "2016.10.25"]
[SourceVersion "1"]
[SourceVersionDate "2016.10.25"]
[SourceQuality "1"]

1. Nc3 d5 2. e4 e6 3. f4 dxe4 4. Nxe4 Nf6 5. Nf2 c5 6. Nf3 Nc6 7. Bb5 Bd7 8. 0-0 Be7 9. d3 0-0 10. a4 a6 11. Bc4 Qc7 12. Re1 Bd6 13. g3 Rab8 14. Ne4 Be7 15. Bd2 b5 16. axb5 axb5 17. Ba2 Nxe4 18. dxe4 c4 19. Bc3 Bc8 20. Qe2 Ra8 21. Ne5 Nxe5 22. Bxe5 Qb6+ 23. Kg2 f6 24. Bc3 b4 25. Bd2 b3 26. Be3 Qb7 27. Qxc4 bxa2 28. f5 Qb4 29. Qxb4 Bxb4 30. c3 Be7 31. g4 Rd8 32. fxe6 Bxe6 33. Bd4 Kf7 34. h3 Bc4 35. Re3 Bd6 36. Rf3 Ke6 37. g5 Be5 38. gxf6 gxf6 39. Be3 Rab8 40. Bc1 Rd1 41. Rf2 Rg8+ 42. Kf3 Rg3# 0-1

[Event "Wuerttemberg-ch KT"]
[Site "Stuttgart"]
[Date "2010.09.02"]
[Round "6"]
[White "Peter, Silvio"]
[Black "Foerster, Bernhard"]
[Result "0-1"]
[WhiteElo "1819"]
[BlackElo "2161"]
[PlyCount "82"]
[EventDate "2010.08.28"]
[EventType "swiss"]
[EventRounds "9"]
[EventCountry "GER"]
[SourceTitle "EXT 2017"]
[Source "ChessBase"]
[SourceDate "2016.10.25"]
[SourceVersion "1"]
[SourceVersionDate "2016.10.25"]
[SourceQuality "1"]

1. Nf3 g6 2. e4 Bg7 3. d4 d6 4. Be2 Nf6 5. Nc3 0-0 6. 0-0 c6 7. a4 Qc7 8. h3 e5 9. dxe5 dxe5 10. Bc4 Nbd7 11. Qe2 Nc5 12. Qe3 Ne6 13. Ne2 Re8 14. c3 h6 15. a5 Nf4 16. Ra4 N6h5 17. Nxf4 Nxf4 18. Kh2 Bd7 19. Ra1 Qc8 20. Ng1 g5 21. Rd1 Be6 22. Bxe6 Qxe6 23. g3 Nh5 24. Qe2 Nf6 25. Be3 Nxe4 26. Ra4 Nf6 27. c4 Qe7 28. b4 Bf8 29. a6 b6 30. b5 c5 31. Ra2 Rad8 32. f3 Bg7 33. Rad2 Rxd2 34. Qxd2 Qe6 35. Qc2 Rc8 36. Bf2 Bf8 37. Qe2 Ne8 38. Rd5 Nd6 39. f4 exf4 40. Qxe6 fxe6 41. g4 exd5 0-1

[Event "Wuerttemberg-ch KT"]
[Site "Stuttgart"]
[Date "2010.08.30"]
[Round "3"]
[White "Peter, Silvio"]
[Black "Mages, Steffen"]
[Result "1/2-1/2"]
[WhiteElo "1819"]
[BlackElo "1916"]
[PlyCount "102"]
[EventDate "2010.08.28"]
[EventType "swiss"]
[EventRounds "9"]
[EventCountry "GER"]
[SourceTitle "EXT 2017"]
[Source "ChessBase"]
[SourceDate "2016.10.25"]
[SourceVersion "1"]
[SourceVersionDate "2016.10.25"]
[SourceQuality "1"]

1. e4 c5 2. c3 Nc6 3. Nf3 d6 4. Be2 Nf6 5. d3 g6 6. 0-0 Bg7 7. Nbd2 0-0 8. Ne1 d5 9. Qc2 d4 10. a4 Be6 11. f4 Bg4 12. Nc4 Qd7 13. Nf3 Bxf3 14. Bxf3 Rfd8 15. e5 Ne8 16. Be4 Rab8 17. Bd2 b6 18. Qd1 f5 19. Bxc6 Qxc6 20. Rf3 e6 21. Qe2 Qd5 22. Qf2 Bf8 23. h3 a6 24. a5 b5 25. Nb6 Qc6 26. g4 dxc3 27. bxc3 c4 28. d4 Nc7 29. Kh2 Nd5 30. Nxd5 Qxd5 31. gxf5 exf5 32. Re3 Re8 33. Qg2 Qxg2+ 34. Kxg2 Rbd8 35. Rd1 Re6 36. Be1 Rd5 37. Kf3 Kf7 38. Bd2 Be7 39. Rg1 Bd8 40. Ra1 Ke8 41. Be1 Kd7 42. Re2 Kc6 43. h4 Rd7 44. Rg2 Kd5 45. Ke3 Bc7 46. Raa2 Bb8 47. Rab2 Ba7 48. Kf3 Rb7 49. Rb4 Bb8 50. Ra2 Rg7 51. Rab2 Ra7 1/2-1/2

[Event "Wuerttemberg-chB"]
[Site "Balingen"]
[Date "2006.08.29"]
[Round "4"]
[White "Peter, Silvio"]
[Black "Kolb, Roland"]
[Result "0-1"]
[WhiteElo "1717"]
[BlackElo "2102"]
[PlyCount "78"]
[EventDate "2006.08.26"]
[EventType "swiss"]
[EventRounds "9"]
[EventCountry "GER"]
[SourceTitle "EXT 2007"]
[Source "ChessBase"]
[SourceDate "2006.11.23"]
[SourceVersion "1"]
[SourceVersionDate "2006.11.23"]
[SourceQuality "1"]

1. d4 Nf6 2. Nf3 e6 3. c4 Bb4+ 4. Nbd2 0-0 5. a3 Be7 6. e3 b6 7. Bd3 d5 8. cxd5 exd5 9. Qc2 Bb7 10. 0-0 c5 11. b3 Nbd7 12. Ne5 Rc8 13. Nxd7 Nxd7 14. Bxh7+ Kh8 15. Qb1 cxd4 16. Bf5 Ba6 17. Re1 d3 18. Bxd3 Bxd3 19. Qxd3 Bf6 20. Ra2 Ne5 21. Qb1 Qc7 22. Bb2 Ng4 23. Nf3 Rfd8 24. h3 Bxb2 25. Rxb2 Nf6 26. Nd4 Ne4 27. Qd1 Qe5 28. Qg4 g6 29. f4 Qf6 30. Rc2 Rxc2 31. Nxc2 Kg7 32. Nd4 Nd2 33. Rc1 Re8 34. Rc6 Qd8 35. h4 Ne4 36. h5 Nf6 37. Qg5 Nxh5 38. Nf5+ Kh7 39. Qh6+ Kg8 0-1

[Event "Wuerttemberg-chB"]
[Site "Balingen"]
[Date "2006.08.26"]
[Round "1"]
[White "Kuechle, Wolfgang"]
[Black "Peter, Silvio"]
[Result "1/2-1/2"]
[WhiteElo "2042"]
[BlackElo "1717"]
[PlyCount "45"]
[EventDate "2006.08.26"]
[EventType "swiss"]
[EventRounds "9"]
[EventCountry "GER"]
[SourceTitle "EXT 2007"]
[Source "ChessBase"]
[SourceDate "2006.11.23"]
[SourceVersion "1"]
[SourceVersionDate "2006.11.23"]
[SourceQuality "1"]

1. c4 e5 2. Nc3 Nf6 3. Nf3 Nc6 4. g3 Bb4 5. Nd5 Bc5 6. d3 h6 7. Bg2 d6 8. 0-0 0-0 9. e3 Nxd5 10. cxd5 Ne7 11. d4 exd4 12. Nxd4 Ng6 13. b3 Qe7 14. Bb2 Ne5 15. Qd2 Bh3 16. Qc3 Bxg2 17. Kxg2 Bxd4 18. Qxd4 f6 19. Rfd1 Rfe8 20. Rac1 b6 21. Qd2 Qd7 22. Qc2 Re7 23. Bxe5 1/2-1/2

[Event "Stuttgart-chB int"]
[Site "Ditzingen"]
[Date "2006.05.28"]
[Round "7"]
[White "Kozina, Vinko"]
[Black "Peter, Silvio"]
[Result "0-1"]
[WhiteElo "1648"]
[BlackElo "1621"]
[PlyCount "102"]
[EventDate "2006.05.25"]
[EventType "swiss"]
[EventRounds "7"]
[EventCountry "GER"]
[SourceTitle "EXT 2018"]
[Source "ChessBase"]
[SourceDate "2017.10.13"]
[SourceVersion "1"]
[SourceVersionDate "2017.10.13"]
[SourceQuality "1"]

1. e4 c5 2. Nf3 e6 3. d4 cxd4 4. Nxd4 Nf6 5. Bd3 Nc6 6. Be3 Ne5 7. 0-0 a6 8. Nb3 Nxd3 9. Qxd3 Qc7 10. f4 b5 11. Bd4 Bb7 12. N1d2 a5 13. a4 bxa4 14. Rxa4 Bb4 15. Qg3 Kf8 16. c3 Bc6 17. Raa1 Be7 18. Rae1 a4 19. Nc5 h5 20. Nf3 Bb5 21. Nxe6+ dxe6 22. Rf2 Bc5 23. Qg5 Bxd4 24. Nxd4 Bd3 25. Qh4 Bxe4 26. Rfe2 Bd5 27. f5 exf5 28. Nxf5 Be6 29. Qb4+ Kg8 30. Nd4 Kh7 31. Nxe6 fxe6 32. Rxe6 Rhc8 33. R1e5 Rd8 34. h3 Rd1+ 35. Kh2 Rb8 36. Qf4 Qf7 37. Rxh5+ Qxh5 38. Qxb8 Ng4+ 39. Kg3 Rd3+ 40. Kf4 g5+ 41. Ke4 Re3+ 42. Kd5 Rxe6 43. Qa7+ Kg8 44. Kxe6 Qg6+ 45. Kd5 Qf5+ 46. Kc4 Ne5+ 47. Kb5 Qf1+ 48. Kb6 Qf2+ 49. Ka6 Qxa7+ 50. Kxa7 Nc4 51. Ka6 Nxb2 0-1

[Event "Ditzingen op-B"]
[Site "Ditzingen"]
[Date "2006.05.27"]
[Round "5.8"]
[White "Schoembs, Oliver"]
[Black "Peter, Silvio"]
[Result "1-0"]
[WhiteElo "1683"]
[BlackElo "1621"]
[PlyCount "57"]
[EventDate "2006.05.25"]
[EventType "swiss"]
[EventRounds "7"]
[EventCountry "GER"]
[SourceTitle "CBM 112 Extra"]
[Source "ChessBase"]
[SourceDate "2006.07.14"]
[SourceVersion "1"]
[SourceVersionDate "2006.07.14"]
[SourceQuality "1"]

1. Nf3 Nf6 2. d4 g6 3. c4 Bg7 4. Nc3 d5 5. e3 0-0 6. Bd3 c5 7. 0-0 cxd4 8. exd4 Nc6 9. h3 Be6 10. c5 Qc8 11. Be3 Re8 12. Be2 Ne4 13. Nxe4 dxe4 14. Ng5 Bd5 15. f3 h6 16. fxe4 hxg5 17. exd5 Nb4 18. Qb3 a5 19. a3 Na6 20. d6 e6 21. Bf3 Rb8 22. Rad1 Qd8 23. Bf2 Qd7 24. Bg3 Kh7 25. Rd2 e5 26. Qc4 f5 27. Bxe5 Bxe5 28. dxe5 Rxe5 29. c6 1-0

[Event "Stuttgart-chB int"]
[Site "Ditzingen"]
[Date "2005.05.08"]
[Round "7"]
[White "Jannes, Alexander"]
[Black "Peter, Silvio"]
[Result "0-1"]
[WhiteElo "1567"]
[BlackElo "1719"]
[PlyCount "88"]
[EventDate "2005.05.05"]
[EventType "swiss"]
[EventRounds "7"]
[EventCountry "GER"]
[SourceTitle "EXT 2018"]
[Source "ChessBase"]
[SourceDate "2017.10.13"]
[SourceVersion "1"]
[SourceVersionDate "2017.10.13"]
[SourceQuality "1"]

1. d4 Nf6 2. c4 g6 3. Nc3 d5 4. cxd5 Nxd5 5. e4 Nxc3 6. bxc3 Bg7 7. Nf3 c5 8. Be3 0-0 9. Be2 Nc6 10. 0-0 cxd4 11. Bxd4 Nxd4 12. cxd4 Bg4 13. e5 Be6 14. Qa4 Bh6 15. Rfd1 a6 16. Qb4 Bd5 17. Ne1 e6 18. Bf3 Rc8 19. Bxd5 Qxd5 20. Nf3 Rfd8 21. Rab1 Rd7 22. h3 Rc2 23. Rb2 Rxb2 24. Qxb2 Rc7 25. Rb1 Qa5 26. Kh1 b5 27. Rd1 Qa4 28. Qb3 Qxb3 29. axb3 Rc1 30. Rxc1 Bxc1 31. Ne1 a5 32. Nd3 Bd2 33. Nc5 Bc3 34. b4 Bxb4 35. Kg1 Bc3 36. Nb3 a4 37. Nc1 Bxd4 38. Kf1 b4 39. Ke2 b3 40. Kd3 b2 41. Kc2 bxc1Q+ 42. Kxc1 a3 43. Kb1 Bxe5 44. Ka2 Bb2 0-1

[Event "Stuttgart-chB int"]
[Site "Ditzingen"]
[Date "2005.05.06"]
[Round "3"]
[White "Zink, Juergen"]
[Black "Peter, Silvio"]
[Result "1-0"]
[WhiteElo "1831"]
[BlackElo "1719"]
[PlyCount "45"]
[EventDate "2005.05.05"]
[EventType "swiss"]
[EventRounds "7"]
[EventCountry "GER"]
[SourceTitle "EXT 2018"]
[Source "ChessBase"]
[SourceDate "2017.10.13"]
[SourceVersion "1"]
[SourceVersionDate "2017.10.13"]
[SourceQuality "1"]

1. e4 c5 2. Nf3 e6 3. d4 cxd4 4. Nxd4 Nf6 5. Nc3 Nc6 6. Be3 Bb4 7. f3 d5 8. Nxc6 bxc6 9. a3 Bxc3+ 10. bxc3 dxe4 11. Qxd8+ Kxd8 12. 0-0-0+ Bd7 13. Be2 Nd5 14. Bd4 c5 15. Bxg7 Rg8 16. Be5 Rxg2 17. Bf1 exf3 18. Bxg2 fxg2 19. Rhg1 Ke7 20. Rxg2 Rd8 21. c4 f6 22. cxd5 fxe5 23. d6+ 1-0